00741 a2200241 4500001000700000003000400007005001700011008004100028020001500069082002100084100001400105245008200119260004000201300001000241630001600251630001300267630002800280630002300308700002500331942001200356999001700368952011400385138924OSt20210928115826.0  a8186562621 a305.420954bI27G1 aR. Indira1 aGender and society in India (Volume II)cby R. Indira and Deepak Kumar Behara aNew DelhibManak Publicationsc1999 a242p. aSocial Work aSex role aWomen-Social conditions a Social conditions aBehara, Deepak Kumar 2ddccBK c11660d11660 00102ddc40708TXBaCURAJbCURAJd2014-03-12eSCWg0.00o305.420954 I27Gp14596r2024-11-21w2020-09-02yBK